After evangelicalism : (Record no. 9035)

MARC details
000 -LEADER
fixed length control field 02002cam a2200385 i 4500
001 - CONTROL NUMBER
control field 21540443
003 - CONTROL NUMBER IDENTIFIER
control field GBCCL
005 - DATE AND TIME OF LATEST TRANSACTION
control field 20241126110704.0
008 - FIXED-LENGTH DATA ELEMENTS--GENERAL INFORMATION
fixed length control field 200522s2020 kyu 001 0 eng
010 ## -
-- 2020023998
020 ## - INTERNATIONAL STANDARD BOOK NUMBER
International Standard Book Number 9780664266110
Qualifying information (paperback)
020 ## - INTERNATIONAL STANDARD BOOK NUMBER
Canceled/invalid ISBN 9781646980048
Qualifying information (ebook)
040 ## - CATALOGING SOURCE
Original cataloging agency DLC
Language of cataloging eng
Transcribing agency DLC
Description conventions rda
Modifying agency DLC
042 ## -
-- pcc
043 ## -
-- n-us---
050 00 -
-- BR526
-- .G865 2020
082 00 - DEWEY DECIMAL CLASSIFICATION NUMBER
Classification number 277.3083
Edition information 23
Item number GUS
100 1# - MAIN ENTRY--PERSONAL NAME
Personal name Gushee, David P.,
Dates associated with a name 1962-
Relator term author.
9 (RLIN) 15772
245 10 - TITLE STATEMENT
Title After evangelicalism :
Remainder of title the path to a new Christianity /
Statement of responsibility, etc. David P. Gushee.
250 ## - EDITION STATEMENT
Edition statement First edition.
264 #1 - PRODUCTION, PUBLICATION, DISTRIBUTION, MANUFACTURE, AND COPYRIGHT NOTICE
Place of production, publication, distribution, manufacture Louisville, Kentucky :
Name of producer, publisher, distributor, manufacturer WJK, Westminster John Knox Press,
Date of production, publication, distribution, manufacture, or copyright notice [2020]
300 ## - PHYSICAL DESCRIPTION
Extent xvi, 225 pages ;
Dimensions 23 cm
336 ## - CONTENT TYPE
Content type term text
Content type code txt
Source rdacontent
337 ## - MEDIA TYPE
Media type term unmediated
Media type code n
Source rdamedia
338 ## - CARRIER TYPE
Carrier type term volume
Carrier type code nc
Source rdacarrier
500 ## - GENERAL NOTE
General note Includes index.
520 ## - SUMMARY, ETC.
Summary, etc. "David Gushee offers a new way forward for disillusioned post-evangelicals by first analyzing what went wrong with U.S. white evangelicalism in areas such as evangelical identity, biblical interpretation, church life, sexuality, politics, and race. Gushee then proposes new ways of Christian believing, belonging, and behaving, helping post-evangelicals from where they are to a living relationship with Christ and an intellectually cogent and morally robust post-evangelical faith"--
Assigning source Provided by publisher.
650 #0 - SUBJECT ADDED ENTRY--TOPICAL TERM
Topical term or geographic name entry element Christianity
Geographic subdivision United States
Chronological subdivision 21st century.
9 (RLIN) 15773
650 #0 - SUBJECT ADDED ENTRY--TOPICAL TERM
Topical term or geographic name entry element Christianity
General subdivision Forecasting.
9 (RLIN) 2976
650 #0 - SUBJECT ADDED ENTRY--TOPICAL TERM
Topical term or geographic name entry element Evangelicalism
Geographic subdivision United States.
9 (RLIN) 914
776 08 - ADDITIONAL PHYSICAL FORM ENTRY
Relationship information Online version:
Main entry heading Gushee, David P.,
Title After evangelicalism
Edition First edition.
Place, publisher, and date of publication Louisville, Kentucky : Westminster John Knox Press, 2020.
International Standard Book Number 9781646980048
Record control number (DLC) 2020023999
906 ## - LOCAL DATA ELEMENT F, LDF (RLIN)
a 7
b cbc
c orignew
d 1
e ecip
f 20
g y-gencatlg
942 ## - ADDED ENTRY ELEMENTS (KOHA)
Source of classification or shelving scheme Dewey Decimal Classification
Koha item type Books
Koha issues (borrowed), all copies 3
Holdings
Withdrawn status Lost status Source of classification or shelving scheme Damaged status Not for loan Home library Current Library Shelving location Date acquired Total checkouts Total renewals Full call number Barcode Date last seen Date last checked out Copy number Price effective from Koha item type
    Dewey Decimal Classification     GRACE BIBLE COLLEGE GRACE BIBLE COLLEGE Church History 2022-03-10 4 1 277.3083 GUS 015440 2026-01-28 2026-01-21 c.1 2022-03-10 Books
© Grace Bible College Library 2025